|
|
|
|
| LEADER |
00000cam a2200000 7i4500 |
| 001 |
0000053096 |
| 005 |
20220105104158.0 |
| 008 |
151018 |
| 020 |
|
|
|a 9679275884
|
| 090 |
0 |
0 |
|a PR
|b MAL
|
| 245 |
1 |
0 |
|a Jangan tamak
|
| 260 |
|
|
|a Kuala Lumpur :
|b Penerbitan Fargoes ,
|c 1994
|
| 490 |
1 |
|
|a Siri cerita moral (pertama)
|
| 500 |
|
|
|a Children age 4-6 years old (yellow)
|
| 650 |
|
0 |
|a Children's stories, Malay
|
| 999 |
|
|
|a 0000434029
|b Book
|c Children Collection
|e Cawangan Tmn. Ungku Tun Aminah
|
| 999 |
|
|
|a 0000434038
|b Book
|c Children Collection
|e Cawangan Pontian
|
| 999 |
|
|
|a 0000778436
|b Book
|c Children Collection
|e Cawangan Pontian
|
| 999 |
|
|
|a 0000778438
|b Book
|c Children Collection
|e Cawangan Pontian
|
| 999 |
|
|
|a 0000778439
|b Book
|c Children Collection
|e Cawangan Pontian
|
| 999 |
|
|
|a 0000778440
|b Book
|c Children Collection
|e Cawangan Pontian
|
| 999 |
|
|
|a 0000792391
|b Book
|c Children Collection
|e Cawangan Segamat
|
| 999 |
|
|
|a 0000792392
|b Book
|c Children Collection
|e Cawangan Segamat
|
| 999 |
|
|
|a 0000792393
|b Book
|c Children Collection
|e Cawangan Segamat
|